Dilemmas in the study of popular culture /
Shranjeno v:
| Glavni avtor: | |
|---|---|
| Format: | Texto |
| Teme: | |
| Oznake: |
Označite
Brez oznak, prvi označite!
|
MARC
| LEADER | 00000 a a2200000 04500 | ||
|---|---|---|---|
| 001 | 9139 | ||
| 003 | |||
| 040 | |||
| 100 | |a Droogers, André | ||
| 245 | |a Dilemmas in the study of popular culture / |c André Droogers | ||
| 650 | |a INVESTIGACION SOCIAL | ||
| 650 | |a CULTURA POPULAR | ||
| 650 | |a SUBJETIVIDAD | ||
| 650 | |a ESTRUCTURA SOCIAL | ||
| 650 | |a PARTICIPACION SOCIAL | ||
| 773 | |g número 76; páginas 35-53 | ||
| 999 | |c 32193 |d 32193 | ||
